|
|
|
|
| LEADER |
00680cam a2200205 7i4500 |
| 001 |
0000031419 |
| 005 |
20141016090000.0 |
| 020 |
0 |
0 |
|a 9780273784357
|
| 090 |
0 |
0 |
|a B 658.40019
|b BUZ
|
| 100 |
1 |
0 |
|a Buzan, Tony
|
| 245 |
1 |
0 |
|a Mind maps for business :
|b using the ultimate thinking tool to revolutionise how you work.
|
| 250 |
0 |
0 |
|a 2nd ed..
|
| 260 |
0 |
0 |
|a Harlow:
|b Pearson Education,
|c 2014.
|
| 300 |
# |
# |
|a 270 p.
|
| 650 |
0 |
0 |
|a Creative ability in business
|
| 650 |
0 |
0 |
|a Business planning --
|x Graphic methods
|
| 650 |
0 |
0 |
|a Success in business --
|x Psycological aspects
|
| 700 |
1 |
0 |
|a Griffiths, Chris
|
| 700 |
1 |
0 |
|a Harrison, James
|
| 999 |
|
|
|a B000034751
|b Book
|c Book
|e Business Information Centre
|